Ciudad de Dios
Es una película brasileña basada en una historia real escrita por Paulo Lins. Describe el mundo del crimen organizado en Cidade de Deus, un suburbio de Río de Janeiro, desde finales de los sesenta hasta principios de los ochenta, época durante la cual el tráfico de drogas y la violencia impusieron s...
Guardado en:
| Autor Principal: | |
|---|---|
| Autor Corporativo: | |
| Otros Autores: | , , , , |
| Formato: | |
| Idioma: | Undetermined |
| Publicado: |
Brasil,
2002.
|
| Materias: | |
| Etiquetas: |
Agregar Etiqueta
Sin Etiquetas, Sea el primero en etiquetar este registro!
|
| LEADER | 01522ngm a22002775a 4500 | ||
|---|---|---|---|
| 001 | CEM.cems020013 | ||
| 008 | 230424s2002####xx#---############vlund#d | ||
| 005 | 20230424213713.0 | ||
| 245 | 1 | 0 | |a Ciudad de Dios |h [videograbación] / |c Fernando Meirelles y Katia Lund. |
| 260 | |a Brasil, |c 2002. | ||
| 300 | |a 130'. | ||
| 520 | |a Es una película brasileña basada en una historia real escrita por Paulo Lins. Describe el mundo del crimen organizado en Cidade de Deus, un suburbio de Río de Janeiro, desde finales de los sesenta hasta principios de los ochenta, época durante la cual el tráfico de drogas y la violencia impusieron su ley en las favelas. A finales de los sesenta, Buscapé, un niño de 11 años tímido y sensible, observa a los niños duros de su barrio, sus robos, sus peleas, sus enfrentamientos diarios con la policía. Pero él sabe muy bien lo que quiere ser si consigue sobrevivir: fotógrafo. | ||
| 538 | |a Soporte: DVD -- Peso: 4.36gb -- Resolución: 720 x 480 -- 29.97fps | ||
| 590 | |a Identificación anterior: 13 | ||
| 500 | |a Título en idioma original: Cidade de Deus. | ||
| 100 | 1 | |a Meirelles, Fernando. | |
| 700 | 1 | |a Mantovani, Braulio; Guión. | |
| 700 | 1 | |a Lins, Paulo; Novela. | |
| 700 | 1 | |a Rodrigues, Alexandre; Reparto. | |
| 700 | 1 | |a Firmino, Leandro; Reparto. | |
| 700 | 1 | |a Charlone, César, Fotografía. | |
| 710 | 2 | |a Ariane Films. | |
| 653 | |a LARGOMETRAJE | ||
| 653 | |a FICCIÓN | ||
| 653 | |a DRAMA | ||
| 859 | |a CEMS |b BIB. CEMS - Depto. Recursos Didacticos |h 778.5 |i MEI |k DRD |p 2971.23 |t Ej.1 | ||
